Представление документа в формате MARC21

Поле Инд. ПП Название Значение
Тип записи a
Библиографический уровень m
001 Контрольный номер 5fcbdd40-f37e-4e2b-b075-c187ce958822
005 Дата корректировки 20131112014443.1
008 Кодируемые данные 20010116s?a aznnnabbn zn aan
020 a ISBN 5-09-003290-4 (в пер.)
c Цена, тираж 3.00
040 a Служба первич. каталог. RU-RKP
a Служба первич. каталог. НБ ТвГУ
041 a Код языка текста rus
080 a Индекс УДК 087.5:64.021
084 a Индекс другой классификации/Индекс ББК М79
090 a Полочн. индекс М79
x Авторский знак К64
100 1_ a Автор Коноплева Наталья Павловна
245 10 a Заглавие Секреты домашнего хозяйства
b Продолж. заглавия Кн. для учащихся
c Ответственность Н. П. Коноплева
260 0_ a Место издания Москва
b Издательство Просвещение
c Дата издания 1991
300 a Объем 189,[3] с.
b Иллюстрации/ тип воспроизводства ил.
c Размеры 22 см
440 a Серия Сделай сам
650 a Основная рубрика Домоводство (д. л.)
852 t Порядковый номер экземпляра 4
p Инвентарный номер 5856 - 4 экз.
852 t Порядковый номер экземпляра 2
p Инвентарный номер 625089
p Инвентарный номер 625090
999 a Подразделение 2 Фил2
a Подразделение 2 аб.